Plantilla F.C. Barcelona La Liga 24/25 - Estadísticas

Estadísticas generales
  • Esta prueba ha sido intentada 131 veces
  • La puntuación promedio es 21 de 24
Estadísticas de respuestas
Imagen Hint Respuesta % Correcto
1 Ter Stegen
99%
3 Balde
97%
2 Cubarsí
97%
6 Gavi
96%
8 Pedri
96%
23 Koundé
94%
4 R. Araújo
94%
7 Ferran
93%
19 Lamine Yamal
93%
20 Olmo
93%
10 Ansu Fati
91%
16 Fermín
91%
21 F. de Jong
89%
11 Raphinha
89%
Entrenador Hansi Flick
88%
13 Iñaki Peña
88%
9 Lewandowski
87%
24 Eric
84%
15 Christensen
83%
5 I. Martínez
81%
17 M. Casadó
79%
14 Pablo Torre
75%
25 Szczęsny
75%
18 Pau Víctor
73%
No se encontraron pruebas coincidentes
Distribución de puntuación
Porcentaje de gente con cada puntuación
Porcentaje por número respondido
Historial de tus puntuaciones
No has intentado esta prueba.